000
00306nam a22001337a 4500
008
181107b xxu||||| |||| 00| 0 eng d
020
_a
9780385426268
041
_a
eng
080
_a
912
100
_a
44
101
_a
GEO
245
_a
Gia An Atlas Of Planet Management
_c
Norman.M
942
_2
udc
_c
BK
999
_c
52071
_d
52071